00860nam a2200217 u 450000100100000000500170001000800410002702000150006804000250008308200190010810000400012724501330016726000430030049000190034365000310036265000530039365100360044683000260048295201170050899900170062500002031420200929170348.0100813s1968 xx 000 0 spa d a0944499430 aDO-SdBNPbspacBNPHU a984.052bS315d1 aGuevara, Ernesto,d1928-196791925310aThe diary of Che Guevara :bBolivia, November 7, 1966-October 7, 1967 /cintroducció de Fidel Castro. Edited by Robert Scheer. aUnited Setates :bBantam Books,c1968.1 aA Bantam extra 4aGuerrillaszBolivia919328 4aActividades subversivas bolivia.zBolivia942956 4aBoliviaxHistoriay1938-924469 0aA Bantam extra942957 001050718MOaGRbGRcCTd2017-05-08iLF1l0o984.052 S315dp20314-10r2020-06-25w2020-06-25y1ZNo se presta c19818d19818